| 000 | 00515nam a22001697a 4500 | ||
|---|---|---|---|
| 999 |
_c9264 _d9264 |
||
| 008 | 210401b ||||| |||| 00| 0 eng d | ||
| 040 | _aBMS College of Architecture | ||
| 100 | _aC, Arunkumar | ||
| 245 | _aThe international residential School Bangalore | ||
| 300 | _a35p. | ||
| 500 | _a1BM00AT002 | ||
| 502 |
_8B.Arch _NBMS College of Architecture, Visvesvaraya Technological University _aProject report _d2004 |
||
| 650 | _aResidential | ||
| 650 | _aSchool | ||
| 700 |
_aGurleen Kaur _eGuide |
||
| 942 |
_2ddc _cTHE |
||